Ciencias Naturales 7º Educación Básica: Texto para el Estudiante
Na minha lista:
| Principais autores: | , , , |
|---|---|
| Outros Autores: | |
| Formato: | Livro |
| Idioma: | espanhol |
| Publicado em: |
Santiago
Santillana
2009
|
| Assuntos: | |
| Tags: |
Adicionar Tag
Sem tags, seja o primeiro a adicionar uma tag!
|
MARC
| LEADER | 00000nam a2200000 a 4500 | ||
|---|---|---|---|
| 001 | UCG0046 | ||
| 003 | CL-VaPUC | ||
| 008 | 100312e20090000CL |||||||||||||||||spa|d | ||
| 020 | |a 9789561514911 | ||
| 082 | 0 | 4 | |a 372.357 |b FLO |2 21 |
| 100 | 0 | |a Flores Prado, Luis Antonio |e author |9 547331 | |
| 700 | |a López Vivar, José Tomás |e autor |9 547332 | ||
| 700 | 0 | |a Roldán Jirón, Rosa |e author |9 547333 | |
| 700 | 0 | |a Muñoz Reyes, José |e author |9 547334 | |
| 700 | 0 | |a Toro Frederick, Mario |e author |9 547335 | |
| 245 | 1 | 0 | |a Ciencias Naturales 7º Educación Básica: Texto para el Estudiante |
| 300 | |a 191 p | ||
| 942 | |c BK | ||
| 945 | |d 20100312 00:00:00 |a rbrito | ||
| 260 | |a Santiago |b Santillana |c 2009 | ||
| 650 | 0 | |a Medio ambiente |9 257625 | |
| 650 | 0 | |a Métodos de enseñanza |9 270413 | |
| 650 | 0 | |a Enseñanza de las ciencias |9 331919 | |
| 583 | |a last modification |c 20171004 12:17:31 |k Rodrigo Vera | ||
| 999 | |c 339797 |d 339795 | ||
| 952 | |0 0 |1 0 |4 0 |6 372_357000000000000_FLO_2009 |7 0 |8 A |9 433796 |a BIBEDU |b BIBEDU |d 2019-11-22 |i 4640756 |o 372.357 FLO 2009 |p 4640756 |r 2019-11-22 |w 2019-11-22 |y BK |k EBA | ||